00498nam a2200181Ii 450000100060000000300090000600800410001504000330005604100080008908200160009710000340011324500160014726400600016330000120022333600260023533700280026133800270028910543CO-ViMGA241108s9999||||xx |||||||||||||| ||und|| aCO-ViMGAbspaerdacCO-ViMGA0 aunk04a863.5-A967d1 aAzorin José Martínez Ruiz10aDoña Ines 1a[Lugar de publicación no identificado] : Losada, 1953 avolumen atextbtxt2rdacontent aunmediatedbn2rdamedia avolumebnc2rdacarrier